000 00327nam a2200133Ia 4500
008 231129s1935||||xx |||||||||||||| ||spa||
040 _bspa
082 _aCo863 G216l
100 _aGarcia Herreros Manuel
245 0 _aLejos del mar; asaltos Manuel Garcia Herreros
260 _c1935
264 _aLealon
942 _2ddc
_cBKS
999 _c19110
_d19110